Barack Obama Family Tree - Statistics

General Stats
  • This quiz has been taken 28 times
  • The average score is 6 of 13
Answer Stats
Type Person % Correct
Spouse Michelle Obama
100%
Child Malia Obama
80%
Child Sasha Obama
80%
Parent Barack Obama Sr.
65%
Parent Ann Dunham
50%
Sibling Auma Obama
30%
Sibling David Ndesandjo
30%
Sibling Maya Soetoro-Ng
30%
Sibling Abo Obama
25%
Sibling Bernard Obama
25%
Sibling George Obama
25%
Sibling Malik Obama
25%
Sibling Mark Okoth Obama Ndesandjo
25%
No matching quizzes found
Score Distribution
Percent of People with Each Score
Percentile by Number Answered
Your Score History
You have not taken this quiz